Použitie 3D akcelerometra na snímanie výchylky bremena portálového žeriava

Gespeichert in:
Bibliographische Detailangaben
1. Verfasser: Kurilla, Jozef, 1988- (Verfasst von)
Weitere Verfasser: Hubinský, Peter, 1962- (Betreuung Doktorarbeit)
Format: Manuskript Buch
Sprache:Slowakisch
Veröffentlicht: Bratislava : STU v Bratislave FEI, 2010
Schlagworte:
Online-Zugang:VAIS
Tags: Tag hinzufügen
Keine Tags, Fügen Sie das erste Tag hinzu!

MARC

LEADER 00000ntm a22000003a 4500
001 stu209313
005 20150617230105.0
008 100818s2010------------------------slo-d
040 |a STU  |b slo 
041 0 |a slo 
100 1 |a Kurilla, Jozef,  |d 1988-  |4 aut  |u E  |T FEI Fakulta elektrotechniky a informatiky  |X 51182  |U E  |Y 30  |7 A000051182 
242 0 0 |a Usage of the 3D accelerometer for sensing angular position of a burden of the gantry crane  |y eng 
245 1 |a Použitie 3D akcelerometra na snímanie výchylky bremena portálového žeriava 
260 |a Bratislava :  |b STU v Bratislave FEI,  |c 2010 
300 |a 59 s 
650 7 |a priemyselná informatika  |2 stusub 
650 7 |a zrýchlenie  |2 stusub 
650 7 |a acceleration  |2 estusub 
650 7 |a vibration  |2 estusub 
650 7 |a portálový žeriav  |2 stusub 
650 7 |a práca s bremenami  |2 stusub 
700 1 |a Hubinský, Peter,  |d 1962-  |4 ths  |u E011  |U FEI Fakulta elektrotechniky a informatiky  |T FEI Ústav robotiky a kybernetiky  |X 4940  |U E011  |Y 356  |7 A000004940 
856 4 |a info a plný text  |u http://is.stuba.sk/zp/portal_zp.pl?podrobnosti=50497  |3 VAIS